Anuario de estadísticas agropecuarias 1980-1981

Salvato in:
Dettagli Bibliografici
Ente Autore: El Salvador. Ministerio de Agricultura y Ganadería
Natura: testo
Pubblicazione: San Salvador: Ministerio de Agricultura y Ganadería
Tags: Aggiungi Tag
Nessun Tag, puoi essere il primo ad aggiungerne!!

MARC

LEADER 00000 a a2200000 04500
001 24598
003
040
090 |a 177000  
110 |a El Salvador. Ministerio de Agricultura y Ganadería  
245 |a Anuario de estadísticas agropecuarias 1980-1981  
260 |a San Salvador:   |b Ministerio de Agricultura y Ganadería  
300 |a 72 p.  
999 |c 11560  |d 11560